000
00333nam a22001457a 4500
003
SGT
020
_a
978-81-312-3656-7
082
_a
610.736
_b
L14L
100
_a
LEWIS, SHARON L.
245
_a
LEWIS'S MEDICAL SURGICAL NURSING
260
_a
INDIA
_b
ELSEVIER
_c
2014
300
_a
902
650
_a
MEDICINE
942
_2
ddc
_c
BK
_0
18
999
_c
10918
_d
10918